Le socialisme constructif / (Record no. 96740)

MARC details
000 -LEADER
campo de control de longitud fija 00565nam a2200193 i 4500
001 - NÚMERO DE CONTROL
campo de control 96740
003 - IDENTIFICADOR DE NÚMERO DE CONTROL
campo de control ES-MaACL
005 - FECHA Y HORA DE LA ÚLTIMA TRANSACCIÓN
campo de control 20250727062603.0
007 - CAMPO FIJO DE DESCRIPCIÓN FÍSICA--INFORMACIÓN GENERAL
campo de control de longitud fija t|
008 - DATOS DE LONGITUD FIJA--INFORMACIÓN GENERAL
campo de control de longitud fija 050630s1933 fr ||||1| fre d
100 1# - ENTRADA PRINCIPAL--NOMBRE DE PERSONA
Nombre de persona Man, Henri de.
9 (RLIN) 75905
245 13 - MENCIÓN DEL TÍTULO
Título Le socialisme constructif /
Mención de responsabilidad, etc. Henri de Man; traduit de l'allemand par L.C. Herbert.
260 ## - PUBLICACIÓN, DISTRIBUCIÓN, ETC.
Lugar de publicación, distribución, etc. Paris :
Nombre del editor, distribuidor, etc. Presses Universitaires,
Fecha de publicación, distribución, etc. 1933.
300 ## - DESCRIPCIÓN FÍSICA
Extensión 249 p. ;
Dimensiones 19 cm.
650 07 - PUNTO DE ACCESO ADICIONAL DE MATERIA--TÉRMINO DE MATERIA
Término de materia o nombre geográfico como elemento de entrada Socialismo
Fuente del encabezamiento o término embne
9 (RLIN) 17147
700 1# - ENTRADA AGREGADA--NOMBRE PERSONAL
Nombre de persona Herbert, L. C.
9 (RLIN) 62659
852 ## - LOCALIZACIÓN
Ubicación ES-MaACL
Número de control de estantería B-12854
Holdings
Estatus retirado Estado de pérdida Estado de daño No para préstamo Biblioteca de origen Biblioteca actual Ubicación en estantería Fecha de adquisición Fuente de adquisición Total de préstamos Signatura topográfica completa Código de barras Visto por última vez Precio de reemplazo Tipo de ítem Koha
        Biblioteca del Ateneo de Madrid Biblioteca del Ateneo de Madrid Sala Pardo Bazán 17/01/2008     B-12854 1100995 23/02/2023 23/02/2023 Libro impreso